书目信息 |
| 题名: |
十八世纪外交史内幕
|
|
| 作者: | 马克思 著 ;中共中央马、恩、列、斯著作编译局 译 | |
| 分册: | ||
| 出版信息: | 北京 人民出版社 1979.04 |
|
| 页数: | 116页 | |
| 开本: | 19cm | |
| 丛书名: | ||
| 单 册: | ||
| 中图分类: | A122 | |
| 科图分类: | ||
| 主题词: | 马恩著作--单行本--1848~1863年 | |
| 电子资源: | ||
| ISBN: | ||
| 000 | 00685nam0 2200205 45 | |
| 001 | 0181023458 | |
| 005 | 20060425091836.26 | |
| 010 | @dCNY0.31 | |
| 091 | @a1001.1150 | |
| 100 | @a20810111d km y0chiy0120 ea | |
| 101 | 0 | @achi |
| 200 | 1 | @a十八世纪外交史内幕@ASHI BA SHI JI WAI JIAO SHI NEI MU@f马克思著@FMa KeSi Zhu@g中共中央马、恩、列、斯著作编译局译 |
| 210 | @a北京@c人民出版社@d1979.04 | |
| 215 | @a116页@d19cm | |
| 606 | 0 | @a马恩著作@x单行本@z1848~1863年 |
| 690 | @aA122@v3 | |
| 701 | 0 | @a马克思@4著 |
| 712 | 02 | @a中共中央马、恩、列、斯著作编译局@AZhong Gong Zhong Yang Ma、En、Lie、Si Zhu Zuo Bian Yi Ju@4译 |
| 801 | @aCN@bTSTC@c20060425 | |
| 905 | @dA122@e10:5600@f1@b65411 | |
| 十八世纪外交史内幕/马克思著/中共中央马、恩、列、斯著作编译局译.-北京:人民出版社,1979.04 |
| 116页;19cm |
| ISBN :CNY0.31 |
| ● |
| 相关链接 |
|
|
|
|
正题名:十八世纪外交史内幕
索取号:A122/10:5600
 
预约/预借
| 序号 | 登录号 | 条形码 | 馆藏地/架位号 | 状态 | 备注 |
| 1 | 0065402 | 000947774 | 第一借阅区/ [索取号:A122/10:5600] | 在馆 | |
| 2 | 0065403 | 000947783 | 第一借阅区/ [索取号:A122/10:5600] | 在馆 | |
| 3 | 0065404 | 202262791 | 密集书库/ [索取号:A122/10:5600] | 在馆 | |
| 4 | 0065405 | 000947710 | 第一借阅区/ [索取号:A122/10:5600] | 在馆 | |
| 5 | 0065406 | 000947621 | 第一借阅区/ [索取号:A122/10:5600] | 在馆 | |
| 6 | 0065407 | 000947756 | 第一借阅区/ [索取号:A122/10:5600] | 在馆 | |
| 7 | 0065408 | 000947667 | 第一借阅区/ [索取号:A122/10:5600] | 在馆 | |
| 8 | 0065409 | 202133217 | 第一借阅区/ [索取号:A122/10:5600] | 在馆 | |
| 9 | 0065410 | 000947612 | 第一借阅区/ [索取号:A122/10:5600] | 在馆 | |
| 10 | 0065411 | 000947738 | 第一样本阅览室/ [索取号:A122/10:5600] | 在馆 |